Field study 4 : (Record no. 5866)

MARC details
000 -LEADER
fixed length control field 01028nam a22002777i 4500
003 - CONTROL NUMBER IDENTIFIER
control field URS
005 - DATE AND TIME OF LATEST TRANSACTION
control field 20220117150758.0
008 - FIXED-LENGTH DATA ELEMENTS--GENERAL INFORMATION
fixed length control field 160809s2015 -ph||||| |||| 00| 0 eng d
040 ## - CATALOGING SOURCE
Language of cataloging eng
Description conventions rda
Transcribing agency URS
050 14 - LIBRARY OF CONGRESS CALL NUMBER
Classification number LB 2157.P5
Item number R2615 2015 FS4
100 1# - MAIN ENTRY--PERSONAL NAME
Personal name Reganit, Arnulfo Aaron R,
Relator term author
245 1# - TITLE STATEMENT
Title Field study 4 :
Remainder of title exploring the curriculum /
Statement of responsibility, etc. Arnulfo Aaron R. Reganit, Renato L. Gavino.
250 ## - EDITION STATEMENT
Edition statement 2nd edition
264 #1 - PRODUCTION, PUBLICATION, DISTRIBUTION, MANUFACTURE, AND COPYRIGHT NOTICE
Place of production, publication, distribution, manufacture Quezon City :
Name of producer, publisher, distributor, manufacturer C and E Publishing,
Date of production, publication, distribution, manufacture, or copyright notice 2015
300 ## - PHYSICAL DESCRIPTION
Extent ix, 79 pages ;
Dimensions 26 cm.
336 ## - CONTENT TYPE
Source rdacontent
Content type term text
337 ## - MEDIA TYPE
Source rdamedia
Media type term unmediated
338 ## - CARRIER TYPE
Source rdacarrier
Carrier type term volume
504 ## - BIBLIOGRAPHY, ETC. NOTE
Bibliography, etc. note Includes bibliographical references
650 #0 - SUBJECT ADDED ENTRY--TOPICAL TERM
Source of heading or term Student teaching
Geographic subdivision Philippines
General subdivision Handbooks, manuals, etc.
650 #0 - SUBJECT ADDED ENTRY--TOPICAL TERM
Topical term or geographic name entry element Student teachers
Geographic subdivision Philippines
General subdivision Handbooks, manuals, etc.
650 #0 - SUBJECT ADDED ENTRY--TOPICAL TERM
Topical term or geographic name entry element Teachers
General subdivision Training of
Geographic subdivision Philippines
General subdivision Handbooks, manuals, etc.
650 #0 - SUBJECT ADDED ENTRY--TOPICAL TERM
Topical term or geographic name entry element Experiential learning
Geographic subdivision Philippines
General subdivision Handbooks, manuals, etc.
700 1# - ADDED ENTRY--PERSONAL NAME
Personal name Gavino, Renato L.
Relator term author
942 ## - ADDED ENTRY ELEMENTS (KOHA)
Source of classification or shelving scheme Library of Congress Classification
Koha item type Filipiniana
Holdings
Withdrawn status Source of classification or shelving scheme Damaged status Not for loan Collection code Home library Current library Shelving location Date acquired Source of acquisition Cost, normal purchase price Total Checkouts Full call number Barcode Date last seen Price effective from Koha item type
  Library of Congress Classification     Non-fiction Tanay College Library Tanay College Library New Materials Shelf 08/09/2016 Purchase 138.00   LB2157.P5 R2615 2015 FS4 URSTAN-N2259 12/06/2018 08/09/2016 Filipiniana
  Library of Congress Classification     Non-fiction Tanay College Library Tanay College Library New Materials Shelf 08/09/2016 Purchase 138.00   LB2157.P5 R2615 2015 FS4 URSTAN-N2260 08/09/2016 08/09/2016 Filipiniana

University of Rizal System
Email us at univlibservices@urs.edu.ph

Visit our Website www.urs.edu.ph/library